| 000 | 00965cam a2200289 a 4500 | ||
|---|---|---|---|
| 001 | 15309708 | ||
| 005 | 20250228170729.0 | ||
| 008 | 080529s2009 nyua b 001 0 eng | ||
| 020 | _a9780415398442 (hbk : alk. paper) | ||
| 020 | _a0415398444 (hbk : alk. paper) | ||
| 020 | _a9780415398459 (pbk : alk. paper) | ||
| 020 | _a0415398452 (pbk : alk. paper) | ||
| 020 | _a9780203887769 (ebk) | ||
| 020 | _a020388776X (ebk) | ||
| 050 | 0 | 0 |
_aHD38.5 _b.B733 2009 |
| 082 | 0 | 0 |
_a658.7 _222 |
| 082 | 0 | 0 |
_a658.5 _222 |
| 100 | 1 | _aBranch, Alan E. | |
| 245 | 1 | 0 |
_aGlobal supply chain management and international logistics / _cAlan E. Branch. |
| 260 |
_aNew York : _bRoutledge, _c2009. |
||
| 300 |
_axii, 172 p. : _bill. ; _c26 cm. |
||
| 650 | 0 | _aBusiness logistics. | |
| 650 | 0 | _aInternational trade. | |
| 650 | 0 |
_aBusiness logistics _vCase studies. |
|
| 856 | 4 | 1 |
_3Table of contents only _uhttp://www.loc.gov/catdir/toc/ecip0819/2008021843.html |
| 942 |
_2lcc _cBK _n0 |
||
| 999 |
_c4441 _d4441 |
||